00793nam a2200217 a 450000100100000000500170001000800410002702000180006804000250008608200130011110000320012424500470015626000500020330000210025349000310027450000700030550400320037583000400040795201110044799900170055800004315620201002040700.0140220s2007 sp 000 0 spa d a9788496145719 aDO-SdBNPbspacBNPHU axxxbxxx1 aHernández, Avelino97071810aCartas desde Selva /cAvelino Hernández. aSegovia :bCaja de Ahorros de Segovia,c2007. a238 p. ;c20 cm.1 aTertulia de los martesv22 aIncluye datos biográficos del autor en la solapa de la cubierta aBibliografía : p. 231-238 0aTertulia de los martes ;n22970719 001050718MOaGRbGRcCTd2014-02-20iLF1l0oxxx xxxp43156-10r2020-06-25w2020-06-25y1ZNo se presta c42645d42645